Resisting kirchner's recipe (sometimes). "LGTTTI" organizing in Argentina /

Sábháilte in:
Sonraí bibleagrafaíochta
Príomhchruthaitheoir: Sardá, Alejandra
Formáid: Téacs
Ábhair:
Clibeanna: Cuir clib leis
Níl clibeanna ann, Bí ar an gcéad duine le clib a chur leis an taifead seo!

MARC

LEADER 00000 a a2200000 04500
001 10064
003
040
100 |a Sardá, Alejandra  
245 |a Resisting kirchner's recipe (sometimes). "LGTTTI" organizing in Argentina /  |c Alejandra Sardá 
650 |a MOVILIZACION SOCIAL  
650 |a CONFLICTOS SOCIALES  
650 |a LESBIANISMO  
650 |a HOMOSEXUALIDAD  
650 |a TRASEXUALISMO  
650 |a DERECHOS REPRODUCTIVOS  
650 |a DERECHOS HUMANOS  
650 |a ARGENTINA  
773 |g volumen 40, número 2; páginas 30-33  
999 |c 31823  |d 31823